[Event "Landesklasse West 2013/2014"]
[Site "?"]
[Date "2014.03.23"]
[Round "8"]
[White "Lath, Siegfried"]
[Black "Vergin, Marcel"]
[Result "0-1"]
[WhiteElo "1643"]
[BlackElo "1702"]
[PlyCount "134"]
[EventDate "2014.??.??"]
[WhiteTeam "SV Gernrode 1887"]
[BlackTeam "SV Breitenworbis"]

1. e4 c5 2. Nf3 a6 3. d4 cxd4 4. Nxd4 Nf6 5. Nc3 e5 6. Nb3 Bb4 7. Bd3 d5 8.
exd5 Nxd5 9. Bd2 Nxc3 10. bxc3 Be7 11. O-O O-O 12. Qh5 f5 13. Rfe1 Qc7 14. Re3
g6 15. Qh6 Bf6 16. Rh3 Rf7 17. Bg5 Bxg5 18. Qxg5 Be6 19. Rd1 Nd7 20. Be2 Nf6
21. Rhd3 Ne4 22. Qe3 Bc4 23. Rd7 Rxd7 24. Bxc4+ Kg7 25. Rxd7+ Qxd7 26. f3 Nf6
27. Qxe5 Re8 28. Qd4 Qxd4+ 29. cxd4 Rc8 30. Bd3 Rc7 31. Nc5 Kf7 32. Kf2 Ke7 33.
a3 Nd5 34. g3 Kd6 35. h4 Nc3 36. h5 Kd5 37. g4 fxg4 38. hxg6 hxg6 39. fxg4 g5
40. Bf5 Re7 41. Nb3 Nb5 42. a4 Nxd4 43. Nxd4 Kxd4 44. Kf3 Kc4 45. Be4 Kb4 46.
Ke3 Kxa4 47. Kd3 Kb5 48. c3 Kc5 49. Bf5 a5 50. Kc2 b5 51. Bd3 Re3 52. Kd2 Rg3
53. Bf5 Kc4 54. Be6+ Kc5 55. Kc2 Re3 56. Bd7 Kc4 57. Kb2 Rxc3 58. Bxb5+ Kxb5
59. Kxc3 a4 60. Kb2 Kc4 61. Ka3 Kd4 62. Kxa4 Ke4 63. Kb3 Kf4 64. Kc3 Kxg4 65.
Kd2 Kf3 66. Ke1 Kg2 67. Ke2 g4 0-1

[Event "Landesklasse West 2013/2014"]
[Site "?"]
[Date "2014.03.23"]
[Round "8"]
[White "Biel, Peter"]
[Black "Mosebach, Christian"]
[Result "1-0"]
[WhiteElo "1614"]
[BlackElo "1565"]
[PlyCount "29"]
[EventDate "2014.??.??"]
[WhiteTeam "SV Breitenworbis"]
[BlackTeam "SV Gernrode 1887"]

1. e4 c6 2. d4 d5 3. exd5 cxd5 4. c4 Nf6 5. Nc3 Nc6 6. c5 g6 7. Bb5 Bg7 8. Nge2
O-O 9. O-O Bf5 10. a3 Ne4 11. Be3 Na5 12. Nf4 Nxc3 13. bxc3 e6 14. g4 Qg5 15.
Nxe6 1-0

[Event "Landesklasse West 2013/2014"]
[Site "?"]
[Date "2014.03.23"]
[Round "8"]
[White "Lubojanski, Stephan"]
[Black "Beikirch, Heinz"]
[Result "1-0"]
[WhiteElo "1599"]
[BlackElo "1425"]
[PlyCount "83"]
[EventDate "2014.??.??"]
[WhiteTeam "SV Gernrode 1887"]
[BlackTeam "SV Breitenworbis"]

1. e4 e5 2. Nf3 Nc6 3. Bc4 Nf6 4. O-O Be7 5. d4 exd4 6. Nxd4 O-O 7. Nc3 d6 8.
Nxc6 bxc6 9. Qf3 Be6 10. Bd3 Rb8 11. Qg3 Qd7 12. f4 Nh5 13. Qf3 Bg4 14. Qf2 d5
15. Qxa7 d4 16. Ne2 Bxe2 17. Bxe2 Ra8 18. Qxa8 Rxa8 19. Bxh5 c5 20. Bf3 c4 21.
Bd2 c5 22. f5 Bd6 23. e5 Rb8 24. exd6 Rxb2 25. Rab1 c3 26. Bf4 h6 27. a4 Rxb1
28. Rxb1 Qxa4 29. Rb8+ Kh7 30. Be4 d3 31. cxd3 Qa1+ 32. Kf2 c2 33. d7 Qd4+ 34.
Ke2 Qxd7 35. f6+ g6 36. Kd2 Qd4 37. Kxc2 c4 38. Bd2 Qe5 39. Rb7 cxd3+ 40. Kxd3
Qxh2 41. Rxf7+ Kg8 42. Rd7 1-0

[Event "Landesklasse West 2013/2014"]
[Site "?"]
[Date "2014.03.23"]
[Round "8"]
[White "Krüger, Karsten"]
[Black "Klingler, Lutz"]
[Result "0-1"]
[WhiteElo "1242"]
[BlackElo "1974"]
[PlyCount "64"]
[EventDate "2014.??.??"]
[WhiteTeam "Schachverein Stützerbach"]
[BlackTeam "SV Schmalkalden 04"]

1. e4 g6 2. d4 Bg7 3. e5 c5 4. Bc4 cxd4 5. Qxd4 Nc6 6. Qd5 Nxe5 7. Nf3 Nxc4 8.
Qxc4 d5 9. Qb5+ Qd7 10. Qxd7+ Bxd7 11. O-O e6 12. c3 Ne7 13. Bf4 O-O 14. Bd6
Rfe8 15. Bxe7 Rxe7 16. Nbd2 e5 17. Nb3 b6 18. h3 Bc6 19. Rae1 Bb5 20. g4 Bxf1
21. Kxf1 f5 22. Nfd4 Rae8 23. Nc2 fxg4 24. hxg4 a5 25. a4 Rf7 26. Ncd4 Rf4 27.
f3 Kf8 28. Nc2 Rxf3+ 29. Kg2 Rf4 30. Kh3 d4 31. cxd4 Rf3+ 32. Kg2 Rxb3 0-1

[Event "Landesklasse West 2013/2014"]
[Site "?"]
[Date "2014.03.23"]
[Round "8"]
[White "Löhn, Marko"]
[Black "Bamberg, Alexander"]
[Result "0-1"]
[WhiteElo "1564"]
[BlackElo "1853"]
[PlyCount "52"]
[EventDate "2014.??.??"]
[WhiteTeam "Schachverein Stützerbach"]
[BlackTeam "SV Schmalkalden 04"]

1. e4 c5 2. Nf3 d6 3. d4 cxd4 4. Nxd4 Nf6 5. Nc3 g6 6. Be3 Bg7 7. f3 Nc6 8. Qd2
O-O 9. O-O-O d5 10. Nxc6 bxc6 11. exd5 cxd5 12. Nxd5 Nxd5 13. Qxd5 Qc7 14. Qc5
Qb7 15. Bd4 Bf5 16. c3 Rfc8 17. Qb5 Qxb5 18. Bxb5 Bh6+ 19. Rd2 Bxd2+ 20. Kxd2
e5 21. Bf2 Rcb8 22. a4 a6 23. Bc6 Rxb2+ 24. Ke3 Rc8 25. g4 Rxc6 26. gxf5 Rxc3+
0-1

[Event "Landesklasse West 2013/2014"]
[Site "?"]
[Date "2014.03.23"]
[Round "8"]
[White "Wissel, Daniel"]
[Black "Klesser, Robert"]
[Result "1-0"]
[WhiteElo "1863"]
[BlackElo "1812"]
[PlyCount "63"]
[EventDate "2014.??.??"]
[WhiteTeam "SV Schmalkalden 04"]
[BlackTeam "Schachverein Stützerbach"]

1. e4 d5 2. exd5 Qxd5 3. Nc3 Qa5 4. d4 c6 5. Nf3 Bg4 6. Be2 Nf6 7. O-O e6 8.
Ne5 Bxe2 9. Qxe2 Be7 10. Bd2 Qd8 11. Rad1 O-O 12. Bg5 Nbd7 13. f4 Nd5 14. Nxd5
Bxg5 15. Nc3 Bf6 16. Ne4 Nb6 17. c4 Qe7 18. Nxf6+ gxf6 19. Ng4 f5 20. Nh6+ Kh8
21. Nxf5 Qf6 22. Ng3 Rad8 23. Nh5 Qf5 24. Ng3 Qf6 25. Qd3 Rg8 26. f5 e5 27.
dxe5 Qxe5 28. Qxd8 Rxd8 29. Rxd8+ Kg7 30. f6+ Kh6 31. Nf5+ Kh5 32. Rg8 1-0

[Event "Landesklasse West 2013/2014"]
[Site "?"]
[Date "2014.03.23"]
[Round "8"]
[White "Handschuh, Franz"]
[Black "Krannich, Steffen"]
[Result "1-0"]
[WhiteElo "1807"]
[BlackElo "1818"]
[PlyCount "73"]
[EventDate "2014.??.??"]
[WhiteTeam "Schachverein Stützerbach"]
[BlackTeam "SV Schmalkalden 04"]

1. d4 d5 2. e3 Nf6 3. Bd3 c5 4. c3 Nc6 5. f4 Bg4 6. Nf3 e6 7. O-O Bd6 8. Qe1
O-O 9. Ne5 Bf5 10. Bxf5 exf5 11. Nd2 cxd4 12. exd4 Re8 13. Qg3 g6 14. Ndf3 Ne4
15. Qh3 f6 16. Nd3 Qd7 17. Nh4 Re7 18. g3 Rae8 19. Qg2 Re6 20. h3 Bf8 21. g4
fxg4 22. hxg4 R6e7 23. Qf3 Bg7 24. Ng2 Qd6 25. Ne3 a5 26. Kg2 b5 27. a3 Rd8 28.
Nd1 b4 29. axb4 axb4 30. Ra6 Qc7 31. Be3 bxc3 32. Nxc3 Qb7 33. Rfa1 Nb8 34.
R6a5 Nxc3 35. bxc3 Rde8 36. Bf2 Rd7 37. Nc5 1-0

[Event "Landesklasse West 2013/2014"]
[Site "?"]
[Date "2014.03.23"]
[Round "8"]
[White "Burkhardt, Christian"]
[Black "Brehme, Stefan"]
[Result "0-1"]
[WhiteElo "1695"]
[BlackElo "1775"]
[PlyCount "78"]
[EventDate "2014.??.??"]
[WhiteTeam "SV Schmalkalden 04"]
[BlackTeam "Schachverein Stützerbach"]

1. d4 d5 2. c4 e6 3. Nc3 Nf6 4. Bg5 Be7 5. e3 O-O 6. Nf3 b6 7. cxd5 exd5 8. Bd3
Bb7 9. Qc2 Nbd7 10. O-O a6 11. Rfd1 h6 12. Bf4 Re8 13. Rac1 Bf8 14. Nd2 Nh5 15.
Bg3 Nxg3 16. hxg3 Nf6 17. Ne2 Bd6 18. a3 Qe7 19. Nf3 Ng4 20. Qd2 Rad8 21. Bf5
Nf6 22. Nf4 Ne4 23. Bxe4 dxe4 24. Ne1 c5 25. Ne2 Bd5 26. Rc3 b5 27. dxc5 Bxc5
28. Qc2 Bb6 29. Nd4 Qb7 30. b4 Bc4 31. Qb2 Rd7 32. Nec2 Bd8 33. Qc1 Bf6 34. a4
Red8 35. axb5 axb5 36. Ra3 Bd3 37. Ne1 Bxd4 38. Nxd3 Bf6 39. Qd2 Rxd3 0-1

[Event "Landesklasse West 2013/2014"]
[Site "?"]
[Date "2014.03.23"]
[Round "8"]
[White "Licht, Ralph"]
[Black "Klein, Matthias"]
[Result "1-0"]
[WhiteElo "1638"]
[BlackElo "1761"]
[PlyCount "69"]
[EventDate "2014.??.??"]
[WhiteTeam "Schachverein Stützerbach"]
[BlackTeam "SV Schmalkalden 04"]

1. d4 Nf6 2. Nf3 g6 3. Nc3 Bg7 4. e4 d6 5. Be3 O-O 6. Qd2 c6 7. Bh6 Bg4 8.
O-O-O Qa5 9. Bxg7 Kxg7 10. Kb1 Nbd7 11. h3 Bxf3 12. gxf3 e5 13. h4 h5 14. Bh3
Rad8 15. d5 cxd5 16. Nxd5 Qxd2 17. Rxd2 Nxd5 18. Rxd5 Nb6 19. Rd3 Kf6 20. Rhd1
Ke7 21. Ra3 Ra8 22. Rc3 Rfd8 23. Rc7+ Kf6 24. Rxb7 d5 25. Kc1 d4 26. Rc7 Rd6
27. Rd3 a5 28. c4 Na4 29. c5 Rdd8 30. Ra3 Nxb2 31. Kxb2 Rab8+ 32. Rb3 Rxb3+ 33.
axb3 d3 34. Rd7 Rxd7 35. Bxd7 1-0

[Event "Landesklasse West 2013/2014"]
[Site "?"]
[Date "2014.03.23"]
[Round "8"]
[White "Weigend, Joachim"]
[Black "Schenk, Michael"]
[Result "1-0"]
[WhiteElo "1797"]
[BlackElo "1504"]
[PlyCount "53"]
[EventDate "2014.??.??"]
[WhiteTeam "SV Schmalkalden 04"]
[BlackTeam "Schachverein Stützerbach"]

1. c4 e5 2. Nc3 Nf6 3. g3 Bc5 4. Bg2 Nc6 5. e3 O-O 6. Nge2 a6 7. O-O Rb8 8. d4
exd4 9. exd4 Ba7 10. d5 Ne5 11. b3 b5 12. cxb5 axb5 13. d6 b4 14. Nd5 Nxd5 15.
Qxd5 cxd6 16. Qxd6 Qa5 17. Bb2 Ng6 18. Nf4 Rb6 19. Qd2 Nxf4 20. Qxf4 Bb7 21.
Qg4 f6 22. Qxd7 Bxg2 23. Kxg2 Qa6 24. Qd5+ Kh8 25. a3 Rb5 26. Qf3 Qe6 27. axb4
1-0

[Event "Landesklasse West 2013/2014"]
[Site "?"]
[Date "2014.03.23"]
[Round "8"]
[White "Minor, Viatcheslav"]
[Black "Kuntze, Andreas"]
[Result "1/2-1/2"]
[WhiteElo "1951"]
[BlackElo "1992"]
[PlyCount "146"]
[EventDate "2014.??.??"]

1. e4 d6 2. d4 Nf6 3. Nc3 e5 4. Nge2 Be7 5. f3 c6 6. a4 O-O 7. Be3 Nbd7 8. Qd2
d5 9. exd5 cxd5 10. Ng3 Bb4 11. Bb5 exd4 12. Bxd4 Re8+ 13. Kf2 a6 14. Bd3 Bc5
15. Bxc5 Nxc5 16. Rhe1 Be6 17. a5 Nxd3+ 18. Qxd3 Rc8 19. Nce2 Rc5 20. Qd2 Qc7
21. Nd4 Bd7 22. Rxe8+ Bxe8 23. Kg1 Bd7 24. Nge2 h6 25. Nf4 b6 26. axb6 Qxb6 27.
c3 Ra5 28. Rxa5 Qxa5 29. Nd3 Bb5 30. Kf2 Bxd3 31. Qxd3 Qb6 32. Qe2 Kf8 33. Qc2
g6 34. Qb3 Qd6 35. g3 h5 36. Qb7 h4 37. Qc8+ Kg7 38. Qc6 hxg3+ 39. hxg3 Qb8 40.
b4 Nh5 41. Ne2 Qa7+ 42. Nd4 Qb8 43. Ne2 Qa7+ 44. Ke1 Nf6 45. Nd4 Qb8 46. Qxa6
Qxg3+ 47. Kd2 Qf2+ 48. Qe2 Qxe2+ 49. Nxe2 Kf8 50. Kd3 Ke7 51. Kd4 Kd6 52. Nf4
g5 53. Nh3 g4 54. fxg4 Nxg4 55. Nf4 Nf6 56. b5 Nd7 57. Nxd5 Nc5 58. Ne3 Ne6+
59. Kc4 Kc7 60. Kb4 Kb7 61. c4 Nd4 62. c5 Ka7 63. c6 Nxc6+ 64. Kc5 Nd8 65. Nd5
Ne6+ 66. Kb4 f5 67. Ka5 f4 68. Nc3 f3 69. Ne4 Kb7 70. b6 Nd4 71. Nc5+ Kb8 72.
Nd3 Kb7 73. Nc5+ Kb8 1/2-1/2

[Event "Landesklasse West 2013/2014"]
[Site "?"]
[Date "2014.03.23"]
[Round "8"]
[White "Kachel, Alfred"]
[Black "Neef, Michael"]
[Result "1-0"]
[WhiteElo "1963"]
[BlackElo "1867"]
[PlyCount "79"]
[EventDate "2014.??.??"]

1. d4 d5 2. c4 c6 3. Nc3 Nf6 4. g3 e6 5. Bg2 Nbd7 6. b3 Be7 7. Nf3 O-O 8. O-O
b6 9. Bb2 Ba6 10. Nd2 Rc8 11. Re1 Bd6 12. e4 dxe4 13. Ndxe4 Nxe4 14. Nxe4 Be7
15. Qc2 Nf6 16. Ng5 h6 17. Nf3 Nd7 18. Rad1 Qc7 19. Qe4 Nf6 20. Qb1 Nd7 21. d5
cxd5 22. cxd5 Nc5 23. Be5 Bd6 24. Bxd6 Qxd6 25. dxe6 Qe7 26. exf7+ Qxf7 27. Rd2
Qf5 28. Qxf5 Rxf5 29. Bh3 Rff8 30. Bxc8 Bxc8 31. Ne5 Bb7 32. f4 g5 33. b4 Na6
34. a3 gxf4 35. Ng6 Rf7 36. Nxf4 Nc7 37. Rd6 Kh7 38. Re5 Bf3 39. Kf2 Bg4 40.
Kg2 1-0

[Event "Landesklasse West 2013/2014"]
[Site "?"]
[Date "2014.03.23"]
[Round "8"]
[White "Schwarz, Hilmar"]
[Black "Petiko, Jakob"]
[Result "1-0"]
[WhiteElo "1775"]
[BlackElo "1910"]
[PlyCount "59"]
[EventDate "2014.??.??"]

1. e4 d6 2. d4 Nf6 3. Nc3 c6 4. f4 Qa5 5. Bd3 e5 6. Nf3 exd4 7. Nxd4 Bg4 8. Be2
Qh5 9. Be3 b5 10. a3 a6 11. Qd3 Bxe2 12. Ncxe2 d5 13. Ng3 Qg6 14. Ndf5 Nxe4 15.
Nxe4 dxe4 16. Qxe4+ Qe6 17. Qxe6+ fxe6 18. Nd4 Kf7 19. O-O-O Be7 20. Rhe1 Bf6
21. Bf2 Re8 22. Nf3 a5 23. Rd6 h6 24. Bd4 Bxd4 25. Nxd4 Ra6 26. Rdxe6 Rxe6 27.
Rxe6 b4 28. a4 Ra7 29. Re5 Rd7 30. Nb3 1-0

[Event "Landesklasse West 2013/2014"]
[Site "?"]
[Date "2014.03.23"]
[Round "8"]
[White "Frank, Thomas"]
[Black "Anschütz, Bernd"]
[Result "1-0"]
[WhiteElo "1897"]
[BlackElo "1759"]
[PlyCount "57"]
[EventDate "2014.??.??"]

1. d4 Nf6 2. c4 g6 3. Nc3 d5 4. Nf3 Bg7 5. Bg5 Ne4 6. Bh4 Nxc3 7. bxc3 c5 8.
cxd5 Qxd5 9. e3 Nc6 10. Qb3 Qxb3 11. axb3 cxd4 12. Nxd4 Bd7 13. Be2 a6 14. Bf3
Rc8 15. O-O e5 16. Ne2 f6 17. Bd5 Ke7 18. e4 Rcd8 19. Rfd1 Bc8 20. f3 Kd6 21.
Bf2 Kc7 22. b4 Rd7 23. Rdb1 Ne7 24. c4 b6 25. Nc3 Bb7 26. Na4 Nxd5 27. cxd5 b5
28. Nc5 Rd6 29. Ne6+ 1-0

[Event "Landesklasse West 2013/2014"]
[Site "?"]
[Date "2014.03.23"]
[Round "8"]
[White "Graupner, Markus"]
[Black "Pfitzenreuter, Gerald"]
[Result "1/2-1/2"]
[WhiteElo "1651"]
[BlackElo "1893"]
[PlyCount "86"]
[EventDate "2014.??.??"]

1. e4 c5 2. Nf3 d6 3. d3 g6 4. g3 Bg7 5. c3 Nc6 6. a4 a6 7. Nbd2 Rb8 8. Bg2 e6
9. O-O Nge7 10. Re1 O-O 11. Qe2 b5 12. axb5 axb5 13. h4 b4 14. cxb4 Nxb4 15.
Nc4 Ba6 16. Bd2 Bxc4 17. Bxb4 Bxd3 18. Qxd3 Rxb4 19. Ra6 Rb6 20. Rd1 Bxb2 21.
Nd2 Bd4 22. Nf3 Nc6 23. Rxb6 Qxb6 24. Rb1 Qc7 25. Bh3 Rb8 26. Ng5 Rxb1+ 27.
Qxb1 Qb8 28. Qa2 Qb2 29. Bxe6 Qxa2 30. Bxa2 Ne5 31. Kg2 h6 32. Nf3 Nxf3 33.
Kxf3 Kg7 34. g4 f5 35. exf5 gxf5 36. gxf5 Kf6 37. Ke4 Bxf2 38. h5 Kg5 39. Bf7
c4 40. Bxc4 Kxh5 41. f6 Kg6 42. f7 Kg7 43. Kf5 Kf8 1/2-1/2

[Event "Landesklasse West 2013/2014"]
[Site "?"]
[Date "2014.03.23"]
[Round "8"]
[White "Seeboth, Paul"]
[Black "Ulbricht, Olaf"]
[Result "1/2-1/2"]
[WhiteElo "1819"]
[BlackElo "1605"]
[PlyCount "42"]
[EventDate "2014.??.??"]

1. e4 e5 2. Bc4 Nc6 3. Nf3 h6 4. d4 exd4 5. Nxd4 Nxd4 6. Qxd4 Qf6 7. Qd3 Bb4+
8. c3 Bc5 9. O-O d6 10. b4 Bb6 11. Bb2 Ne7 12. a4 c6 13. Nd2 Bd7 14. Bb3 Ng6
15. Qg3 Qe5 16. Qf3 Qf4 17. Qxf4 Nxf4 18. Bc2 f6 19. Nf3 O-O-O 20. Rfe1 Rhe8
21. Rad1 Bg4 1/2-1/2

[Event "Landesklasse West 2013/2014"]
[Site "?"]
[Date "2014.03.23"]
[Round "8"]
[White "Hoppe, Hans-Jörg"]
[Black "Löffelholz, Christian"]
[Result "1/2-1/2"]
[WhiteElo "1525"]
[BlackElo "1726"]
[PlyCount "92"]
[EventDate "2014.??.??"]

1. c4 Nf6 2. Nc3 g6 3. g3 Bg7 4. Bg2 d6 5. e3 O-O 6. Nge2 e5 7. O-O Nc6 8. d4
exd4 9. Nxd4 Ne5 10. b3 Rb8 11. Bb2 a6 12. Rb1 Qe7 13. Nd5 Nxd5 14. cxd5 Bg4
15. Qc2 Rbc8 16. Rbc1 c5 17. dxc6 bxc6 18. Nxc6 Qe8 19. Bxe5 Bxe5 20. Qe4 Bf5
21. Qa4 Bd7 22. Qxa6 Ra8 23. Qb6 Rxa2 24. Nxe5 Qxe5 25. Qd4 Qxd4 26. exd4 Rb8
27. Bd5 Be6 28. Bxe6 fxe6 29. Rc3 Rd2 30. Rb1 Rxd4 31. Kf1 Rbb4 32. Ke2 Kg7 33.
Rd3 Re4+ 34. Re3 Kf6 35. Rxe4 Rxe4+ 36. Kd3 Rb4 37. Kc3 Rb7 38. b4 Ke7 39. b5
Kd7 40. Kb4 Rb8 41. Ka5 Kc7 42. b6+ Kb7 43. Rc1 Rc8 44. Rxc8 Kxc8 45. Kb5 Kb7
46. f4 Kb8 1/2-1/2

[Event "Landesklasse West 2013/2014"]
[Site "?"]
[Date "2014.03.23"]
[Round "8"]
[White "Stöber, Guido"]
[Black "Mekus, Stephanie"]
[Result "1/2-1/2"]
[WhiteElo "1447"]
[BlackElo "1537"]
[PlyCount "80"]
[EventDate "2014.??.??"]

1. e4 g6 2. d4 Bg7 3. Nf3 d6 4. Be2 f5 5. e5 dxe5 6. dxe5 Qxd1+ 7. Bxd1 Nc6 8.
Bf4 e6 9. Nbd2 Nge7 10. c4 Nb4 11. Ke2 O-O 12. a3 Nbc6 13. Bc2 Rd8 14. Nb3 b6
15. Rad1 Bb7 16. Rhg1 Kf7 17. Ng5+ Kg8 18. Nxe6 Rxd1 19. Rxd1 Bxe5 20. Bxe5
Nxe5 21. Nxc7 Rc8 22. Ne6 Bxg2 23. Nbd4 Rxc4 24. Bb3 Bd5 25. Bxc4 Bxc4+ 26. Kd2
Nd3 27. b3 Bxe6 28. Nxe6 Nxf2 29. Re1 Ne4+ 30. Ke3 Nd5+ 31. Kd3 Ndc3 32. a4 a5
33. Kc4 Kf7 34. Nd8+ Ke7 35. Nc6+ Kd7 36. Nd4 Ke7 37. Nc6+ Kd7 38. Nd4 Ke7 39.
Nc6+ Kd7 40. Nd4 Ke7 1/2-1/2

[Event "Landesklasse West 2013/2014"]
[Site "?"]
[Date "2014.04.13"]
[Round "9"]
[White "Lehmann, Peter"]
[Black "Hübschmann, Holger"]
[Result "0-1"]
[WhiteElo "1935"]
[BlackElo "1894"]
[PlyCount "74"]
[EventDate "2014.??.??"]
[WhiteTeam "ESV Lok Meiningen"]
[BlackTeam "Randspringer Bad Salzungen"]

1. d4 Nf6 2. Nf3 g6 3. c4 c6 4. Nc3 d5 5. Bf4 Bg7 6. e3 O-O 7. Bd3 e6 8. Qc2
Re8 9. h4 Nbd7 10. Bg5 dxc4 11. Bxc4 Qa5 12. a3 b5 13. b4 Qb6 14. Bd3 Bb7 15.
Rc1 a5 16. Bxf6 Nxf6 17. Ne5 axb4 18. axb4 Rad8 19. f4 Bf8 20. Qb1 Re7 21. g4
Ne8 22. h5 f6 23. hxg6 fxe5 24. gxh7+ Kh8 25. fxe5 Rxd4 26. exd4 Qxd4 27. Ne2
Qxg4 28. Be4 Rd7 29. Rc3 Qg5 30. Rg1 Qd2+ 31. Kf2 Ng7 32. Rc2 Rf7+ 33. Bf3 Qd5
34. Rg3 c5 35. Qh1 cxb4 36. Qh5 Nxh5 37. Rh3 Rxf3+ 0-1

[Event "Landesklasse West 2013/2014"]
[Site "?"]
[Date "2014.04.13"]
[Round "9"]
[White "Essegern, Uwe"]
[Black "Scheftlein, Richard"]
[Result "1/2-1/2"]
[WhiteElo "1864"]
[BlackElo "1923"]
[PlyCount "44"]
[EventDate "2014.??.??"]
[WhiteTeam "Randspringer Bad Salzungen"]
[BlackTeam "ESV Lok Meiningen"]

1. e4 e6 2. d4 d5 3. Nd2 Nc6 4. Ngf3 Nf6 5. e5 Nd7 6. Nb3 a5 7. a4 b6 8. Bb5
Bb7 9. O-O Qe7 10. Qe2 O-O-O 11. Bd2 f6 12. Bxc6 Bxc6 13. Nc1 Bb7 14. c3 c5 15.
b4 c4 16. bxa5 bxa5 17. Bf4 Qf7 18. exf6 gxf6 19. Re1 Re8 20. Qd2 h5 21. h4 Bg7
22. Ne2 Qg6 1/2-1/2

[Event "Landesklasse West 2013/2014"]
[Site "?"]
[Date "2014.04.13"]
[Round "9"]
[White "Grube, Jan"]
[Black "Roth, Ralf"]
[Result "1/2-1/2"]
[WhiteElo "1831"]
[BlackElo "1830"]
[PlyCount "44"]
[EventDate "2014.??.??"]
[WhiteTeam "ESV Lok Meiningen"]
[BlackTeam "Randspringer Bad Salzungen"]

1. c4 g6 2. d4 Nf6 3. Nc3 Bg7 4. e4 d6 5. f3 O-O 6. Be3 e5 7. dxe5 dxe5 8. Qxd8
Rxd8 9. Nd5 Nxd5 10. cxd5 c6 11. Bc4 b5 12. Bb3 Bb7 13. Ne2 cxd5 14. exd5 a5
15. a3 b4 16. Kf2 e4 17. axb4 exf3 18. gxf3 axb4 19. Rxa8 Bxa8 20. Bb6 Rc8 21.
Ra1 Nd7 22. Bd4 Ne5 1/2-1/2

[Event "Landesklasse West 2013/2014"]
[Site "?"]
[Date "2014.04.13"]
[Round "9"]
[White "Schulz, Tilo"]
[Black "Von Otte, Wilhelm"]
[Result "1/2-1/2"]
[WhiteElo "1873"]
[BlackElo "1938"]
[PlyCount "24"]
[EventDate "2014.??.??"]
[WhiteTeam "Randspringer Bad Salzungen"]
[BlackTeam "ESV Lok Meiningen"]

1. e4 e6 2. d4 d5 3. Nc3 Bb4 4. e5 c5 5. a3 Bxc3+ 6. bxc3 Ne7 7. Qg4 Nbc6 8.
Qxg7 Rg8 9. Qxh7 cxd4 10. f4 dxc3 11. Qd3 Nf5 12. Nf3 d4 1/2-1/2

[Event "Landesklasse West 2013/2014"]
[Site "?"]
[Date "2014.04.13"]
[Round "9"]
[White "Jörges, Frank"]
[Black "Mäurer, Michael"]
[Result "1-0"]
[WhiteElo "1855"]
[BlackElo "1592"]
[PlyCount "115"]
[EventDate "2014.??.??"]
[WhiteTeam "ESV Lok Meiningen"]
[BlackTeam "Randspringer Bad Salzungen"]

1. d4 d5 2. Nf3 c6 3. e3 e6 4. c4 Bd6 5. Bd3 f5 6. O-O Nf6 7. b3 Qe7 8. Bb2 O-O
9. Qc1 Ne4 10. Ba3 Bxa3 11. Qxa3 Qxa3 12. Nxa3 Bd7 13. Rac1 Be8 14. cxd5 exd5
15. Ne5 Nd7 16. Nb1 Nxe5 17. dxe5 Bd7 18. f3 Ng5 19. h4 Nf7 20. f4 h6 21. h5
Kh7 22. Kf2 g5 23. hxg6+ Kxg6 24. g4 Kg7 25. gxf5 Bxf5 26. Bxf5 Nxe5 27. Rg1+
Kh8 28. Bc2 Rae8 29. Ke2 Nd7 30. Rg6 Rf6 31. Rcg1 Rxg6 32. Rxg6 d4 33. Rxh6+
Kg8 34. e4 Nc5 35. e5 Ne6 36. Rf6 c5 37. Bd3 Kg7 38. Bc4 Nd8 39. Kf3 a6 40. a4
Re7 41. Nd2 Nc6 42. Bd3 Rxe5 43. Rg6+ Kf7 44. fxe5 Nxe5+ 45. Ke2 Nxg6 46. Bxg6+
Kxg6 47. a5 Kf5 48. Kd3 Ke6 49. Kc4 Kd6 50. Ne4+ Kc6 51. Nxc5 b6 52. axb6 Kxb6
53. Kxd4 Kb5 54. Nd3 a5 55. Kc3 Kc6 56. Kc4 Kb6 57. Nb2 Ka6 58. Na4 1-0

[Event "Landesklasse West 2013/2014"]
[Site "?"]
[Date "2014.04.13"]
[Round "9"]
[White "Busch, Alexander"]
[Black "Webel, Jannik"]
[Result "1/2-1/2"]
[WhiteElo "1814"]
[BlackElo "1675"]
[PlyCount "35"]
[EventDate "2014.??.??"]
[WhiteTeam "Randspringer Bad Salzungen"]
[BlackTeam "ESV Lok Meiningen"]

1. d4 d5 2. c4 c6 3. cxd5 cxd5 4. Nc3 Nf6 5. Nf3 Bf5 6. Bf4 a6 7. e3 Nh5 8.
Bxb8 Rxb8 9. Ne5 Nf6 10. Qa4+ Bd7 11. Nxd7 Qxd7 12. Qxd7+ Kxd7 13. Bd3 e6 14.
Rc1 b5 15. O-O Bd6 16. f3 Ke7 17. Ne2 Rhc8 18. Rxc8 1/2-1/2

[Event "Landesklasse West 2013/2014"]
[Site "?"]
[Date "2014.04.13"]
[Round "9"]
[White "Holland-Cunz, Dietrich"]
[Black "Wiefel, Erik"]
[Result "1-0"]
[WhiteElo "1764"]
[BlackElo "1770"]
[PlyCount "181"]
[EventDate "2014.??.??"]
[WhiteTeam "ESV Lok Meiningen"]
[BlackTeam "Randspringer Bad Salzungen"]

1. Nf3 Nf6 2. d4 d5 3. g3 c6 4. Bg2 Bf5 5. c4 dxc4 6. Ne5 e6 7. O-O Be7 8. Nc3
O-O 9. Nxc4 Nbd7 10. e4 Bg6 11. Bf4 Nb6 12. Ne5 Re8 13. Qd2 Nfd7 14. Nxg6 hxg6
15. Rfd1 Nf6 16. Qe2 Bb4 17. Rac1 Nbd7 18. a3 Bxc3 19. Rxc3 Qe7 20. Bg5 Qf8 21.
e5 Nd5 22. Bxd5 cxd5 23. Rc7 Nb6 24. Rxb7 Rec8 25. Be7 Qe8 26. Bc5 Qc6 27. Qa6
Qa4 28. Qxa4 Nxa4 29. Rxa7 Rxa7 30. Bxa7 Nxb2 31. Rb1 Rc2 32. f4 Nc4 33. a4 Ra2
34. Rb4 Kh7 35. Rb7 Kg8 36. Bc5 Rxa4 37. Rb8+ Kh7 38. Rb7 Kg8 39. Rb8+ Kh7 40.
Rf8 Ra2 41. Rxf7 Ne3 42. Ra7 Rg2+ 43. Kh1 Rf2 44. Ra1 Ng4 45. h3 Rh2+ 46. Kg1
Rxh3 47. Kg2 Rh2+ 48. Kf3 Nh6 49. Ra6 Rc2 50. Rxe6 Rc3+ 51. Kf2 Ng4+ 52. Ke2
Re3+ 53. Kd2 Rxg3 54. Rd6 Ne3 55. Rd7 Kg8 56. e6 Nc4+ 57. Kc1 Rg1+ 58. Kc2 Ne3+
59. Kd3 Nf5 60. Rd8+ Kh7 61. e7 Nxe7 62. Bxe7 Rd1+ 63. Kc3 Rc1+ 64. Kd2 Rf1 65.
Bg5 Rd1+ 66. Kc3 Rxd4 67. Rd7 Rd1 68. Bf6 Kh6 69. Bxg7+ Kh5 70. Bf6 Kg4 71. Bg5
Kf5 72. Rd6 Ke4 73. Rxg6 Rd3+ 74. Kc2 Rf3 75. Re6+ Kd4 76. Bf6+ Kc4 77. Bg5 d4
78. Rc6+ Kd5 79. Rc8 Ke4 80. Re8+ Kd5 81. Re5+ Kc4 82. Kd2 d3 83. f5 Kd4 84.
Bf6 Kc4 85. Bg5 Rf2+ 86. Ke1 Rf3 87. f6 Kd4 88. Re7 d2+ 89. Kxd2 Rf2+ 90. Ke1
Rf5 91. f7 1-0

[Event "Landesklasse West 2013/2014"]
[Site "?"]
[Date "2014.04.13"]
[Round "9"]
[White "Katzner, Andreas"]
[Black "Anisheva, Varvara"]
[Result "1/2-1/2"]
[WhiteElo "1583"]
[BlackElo "2027"]
[PlyCount "37"]
[EventDate "2014.??.??"]

1. d4 Nf6 2. Bf4 g6 3. e3 Bg7 4. c4 O-O 5. Nc3 d6 6. h3 Nbd7 7. Nf3 b6 8. Be2
Bb7 9. O-O Kh8 10. Qc2 Ng8 11. Rfd1 Qc8 12. Bh2 e5 13. dxe5 Nxe5 14. Nxe5 dxe5
15. Rd2 f5 16. Rad1 c5 17. Nb5 Bc6 18. Qc3 f4 19. Bg4 1/2-1/2

[Event "Landesklasse West 2013/2014"]
[Site "?"]
[Date "2014.04.13"]
[Round "9"]
[White "Königsmann, Marcus"]
[Black "Wiederhold, Frank"]
[Result "1/2-1/2"]
[WhiteElo "1899"]
[BlackElo "1706"]
[PlyCount "78"]
[EventDate "2014.??.??"]

1. e4 c5 2. Nf3 Nc6 3. d4 cxd4 4. Nxd4 e6 5. c4 Nf6 6. Nc3 Bb4 7. f3 Qa5 8.
Nxc6 Bxc3+ 9. bxc3 bxc6 10. Qb3 O-O 11. Be3 d5 12. cxd5 cxd5 13. e5 Nd7 14. Bd4
Rb8 15. Qc2 Ba6 16. Kf2 Qa3 17. Bxa6 Rb2 18. Bd3 Rxc2+ 19. Bxc2 Rb8 20. Rhe1
Nc5 21. Re2 Na4 22. Bxa7 Rc8 23. Bxa4 Qxa4 24. Bd4 Rb8 25. h4 Qa3 26. Rae1 h5
27. g3 Kh7 28. Kg2 Rb2 29. Kf2 Qxa2 30. Rxb2 Qxb2+ 31. Re2 Qb1 32. Kg2 Kg6 33.
Rf2 Kf5 34. f4 Qd3 35. Kh3 Qd1 36. Kg2 Qd3 37. Kh3 f6 38. Rb2 Qf1+ 39. Kh2 Qe1
1/2-1/2